El equilibrio de los tiburones / (Registro nro. 10589)

Detalles MARC
000 -LIDER
fixed length control field 00808nam a22002657a 4500
001 - NÚMERO DE CONTROL
Identificador de número de control 000321
003 - IDENTIFICACDOR DE NÚMERO DE CONTROL
control field DO-SdBNP
005 - DATE AND TIME OF LATEST TRANSACTION
control field 20180125090533.0
007 - CAMPOS FIJOS DE DESCRIPCIÓN FÍSICA
fixed length control field 000321
008 - ELEMENTOS DE LONGITUD FIJA
fixed length control field 160627b 2009 sp xxu||||| |||| 00| 0 spa d
020 ## - ISBN
International Standard Book Number 9788420422473
040 ## - FUENTE DE CATALOGACIÓN
Agencia que crea de manera original el registro BPMSU
Idioma de catalogación spa
Agencia que realiza la transcripción BPMSU
041 ## - CÓDIGOS DE OBRAS TRADUCIDAS O EN VARIOS IDIOMAS
Código del idioma del texto/archivo de sonido o separata spa
Cód. del idioma original y/o traducciones intermedias del texto eng
092 ## - LOCALLY ASSIGNED DEWEY DECIMAL CALL NUMBER
Número de clasificación xxxxx
Número de ítem (Cutter) xxxxx
100 1# - ASIENTO PRINCIPAL -- NOMBRE PERSONAL
Nombre personal Bonvicini, Caterina,
Fechas asociadas con el nombre 1974-
240 10 - TITULO UNIFORME
Título uniforme L'equilibrio degli squali.
Enlace Español
245 10 - MENCIÓN DE TITULO
Título El equilibrio de los tiburones /
Mención de responsabilidad Caterina Bonvicini.
260 ## - PUBLICACIÓN, DISTRIBUCIÓN, ETC. (PIE DE IMPRENTA)
Lugar de publicación, distribución, etc [Madrid] .
Nombre del editor, distribuidor, etc. Alfaguara,
Fecha de publicación, distribución, etc [2009]
300 ## - DESCRIPCIÓN FÍSICA
Extensión 259 p. ;
Dimensiones 25 cm.
500 ## - NOTA GENERAL
Nota general Incluye datos biográficos de la autora en la solapa de la cubierta.
700 12 - ASIENTO SECUNDARIO -- NOMBRE PERSONAL
Nombre personal Tafur, Juan,
Mención de responsabilidad tr.
942 ## - ADDED ENTRY ELEMENTS (KOHA)
Source of classification or shelving scheme Dewey Decimal Classification
Koha item type Libros
945 ## - INFORMACIÓN DE PROCESAMIENTO LOCAL
Información de procesamiento local inventariado, 2018 / dg
956 ## - LOCAL ELECTRONIC LOCATION AND ACCESS (OCLC)
Método de acceso LOPEREZ
Materiales especificados 10
Enlace 20160627
Campo enlazado y núm. de secuencia BPMSU
Nombre de host 00041
Existencias
Withdrawn status Lost status Source of classification or shelving scheme Damaged status Not for loan Home library Current library Date acquired Source of acquisition Total Checkouts Barcode Date last seen Price effective from Koha item type Copy number
    Dewey Decimal Classification     Biblioteca Pública Metropolitana Salomé Ureña Biblioteca Pública Metropolitana Salomé Ureña 06/27/2016 Alfaguara   BPMSU16060575 06/27/2016 06/27/2016 Libros  
    Dewey Decimal Classification     Biblioteca Pública Metropolitana Salomé Ureña Biblioteca Pública Metropolitana Salomé Ureña 06/27/2016 Alfaguara   BPMSU16060576 06/27/2016 06/27/2016 Libros ej. 2
    Dewey Decimal Classification     Biblioteca Pública Metropolitana Salomé Ureña Biblioteca Pública Metropolitana Salomé Ureña 06/27/2016 Alfaguara   BPMSU16060577 06/27/2016 06/27/2016 Libros ej. 3